000
00323nam a2200133 4500
999
_c
11708
_d
11708
003
OSt
005
20230717160748.0
008
230717b ||||| |||| 00| 0 eng d
020
_a
9788179934579
100
_a
Aishwarya Tipnis
245
_a
Vernacular traditions contemporary architecture
260
_b
Teri
942
_2
ddc